Rabelais / (Record no. 129627)

MARC details
000 -LEADER
campo de control de longitud fija 00647nam a2200229 i 4500
001 - NÚMERO DE CONTROL
campo de control 129627
003 - IDENTIFICADOR DE NÚMERO DE CONTROL
campo de control ES-MaACL
005 - FECHA Y HORA DE LA ÚLTIMA TRANSACCIÓN
campo de control 20250927115502.0
007 - CAMPO FIJO DE DESCRIPCIÓN FÍSICA--INFORMACIÓN GENERAL
campo de control de longitud fija t|
008 - DATOS DE LONGITUD FIJA--INFORMACIÓN GENERAL
campo de control de longitud fija 070627s1928 fr ||||1| fre d
080 ## - NÚMERO DE LA CLASIFICACIÓN DECIMAL UNIVERSAL
Número de la Clasificación Decimal Universal 840-94"18"
100 1# - ENTRADA PRINCIPAL--NOMBRE DE PERSONA
Nombre de persona France, Anatole,
Fechas asociadas al nombre 1844-1924
9 (RLIN) 240108
245 10 - MENCIÓN DEL TÍTULO
Título Rabelais /
Mención de responsabilidad, etc. Anatole France.
250 ## - MENCION DE EDICION
Mención de edición 18ª ed.
260 ## - PUBLICACIÓN, DISTRIBUCIÓN, ETC.
Lugar de publicación, distribución, etc. Paris :
Nombre del editor, distribuidor, etc. Calmann-Lévy,
Fecha de publicación, distribución, etc. [1928]
300 ## - DESCRIPCIÓN FÍSICA
Extensión IV, 246 p. ;
Dimensiones 19 cm.
490 1# - MENCIÓN DE SERIE
Mención de serie Collection nouvelle
600 14 - PUNTO DE ACCESO ADICIONAL DE MATERIA--NOMBRE DE PERSONA
Nombre de persona Rabelais, François,
Fechas asociadas al nombre ca. 1494-1553
9 (RLIN) 94857
830 0# - PUNTO DE ACCESO ADICIONAL DE SERIE-TÍTULO UNIFORME
Título uniforme Collection nouvelle
9 (RLIN) 192812
852 ## - LOCALIZACIÓN
Ubicación ES-MaACL
Número de control de estantería A-2300
Holdings
Estatus retirado Estado de pérdida Estado de daño No para préstamo Biblioteca de origen Biblioteca actual Ubicación en estantería Fecha de adquisición Fuente de adquisición Total de préstamos Signatura topográfica completa Código de barras Visto por última vez Precio de reemplazo Tipo de ítem Koha
        Biblioteca del Ateneo de Madrid Biblioteca del Ateneo de Madrid Sala Pecera Planta 1 17/01/2008     A-2300 1134981 23/02/2023 23/02/2023 Libro impreso